[Event "I Festival ASDEC B"]
[Site "Messina ITA"]
[Date "2011.08.30"]
[Round "3"]
[White "Scovazzi, Tullio"]
[Black "Colnaghi, Davide"]
[Result "1/2-1/2"]
[WhiteElo "1729"]
[BlackElo "1503"]
[PlyCount "64"]
[EventDate "2011.08.28"]

1. e4 e5 2. Bc4 Nf6 3. Nc3 d6 4. Nge2 Be6 5. Bb3 Be7 6. O-O c6 7. d4 exd4 8.
Nxd4 d5 9. Nxe6 fxe6 10. e5 Nfd7 11. Qg4 Nxe5 12. Qxe6 Qd6 13. Qxd6 Bxd6 14.
Bg5 O-O 15. f3 Nbd7 16. Ne2 Rf5 17. Bh4 Ng6 18. Bf2 h5 19. c4 h4 20. h3 Re8 21.
Nd4 Rg5 22. cxd5 c5 23. Ne6 Rf5 24. Rfe1 Nde5 25. Nxc5 Nf4 26. Kh1 Nxh3 27.
gxh3 Rxf3 28. Kg2 Ref8 29. Rf1 Bxc5 30. Bxc5 Rg3+ 31. Kh1 Rxh3+ 32. Kg2 Rg3+
1/2-1/2

[Event "I Festival ASDEC B"]
[Site "Messina ITA"]
[Date "2011.08.30"]
[Round "3"]
[White "Velardi, Giovanni"]
[Black "Iannello, Andrea"]
[Result "1-0"]
[WhiteElo "1706"]
[BlackElo "1593"]
[PlyCount "55"]
[EventDate "2011.08.28"]

1. d4 d5 2. Nf3 Nf6 3. e3 Bf5 4. c4 e6 5. Qb3 b6 6. Nc3 c5 7. cxd5 Nxd5 8. Nxd5
exd5 9. Bb5+ Bd7 10. Qxd5 Bxb5 11. Qxa8 Bc6 12. Qxa7 cxd4 13. Bd2 dxe3 14. fxe3
Bd6 15. O-O O-O 16. Bc3 Re8 17. Rad1 Bb5 18. Ng5 Re7 19. Nxf7 Rxa7 20. Nxd8 Rd7
21. Rf5 Ba6 22. Rfd5 Rxd8 23. Rxd6 Rf8 24. Rd8 Nc6 25. Rxf8+ Kxf8 26. Rd6 Bb7
27. Rd7 Ba8 28. Rc7 1-0

[Event "I Festival ASDEC B"]
[Site "Messina ITA"]
[Date "2011.08.30"]
[Round "3"]
[White "Zampaglione, Francesco"]
[Black "Zarzaca, Antonio"]
[Result "1-0"]
[WhiteElo "1554"]
[BlackElo "1568"]
[PlyCount "53"]
[EventDate "2011.08.28"]

1. d4 e6 2. Nf3 f5 3. Bf4 Nf6 4. h3 Be7 5. e3 O-O 6. Bd3 d6 7. O-O a6 8. Nbd2
Nc6 9. c3 Qe8 10. e4 fxe4 11. Bxd6 Bxd6 12. Nxe4 Nxe4 13. Bxe4 Ne7 14. Re1 c6
15. Qd3 Ng6 16. d5 e5 17. dxc6 Bxh3 18. Qxd6 Bxg2 19. Bxg6 hxg6 20. Kxg2 Rd8
21. Qxe5 Qxc6 22. Qe6+ Qxe6 23. Rxe6 Rd3 24. Nd4 Rd2 25. Re2 Rd3 26. Rae1 Rf5
27. Nxf5 1-0